| 000 | 01286cam a2200289 a 4500 | ||
|---|---|---|---|
| 001 | doughartfromourh00gree | ||
| 003 | CaSfIA | ||
| 005 | 20210118002935.0 | ||
| 007 | cr|||| | ||
| 008 | 840823s1983 arua 000 0 eng | ||
| 010 | _a 84204454 | ||
| 040 |
_aDLC _cDLC _dBTCTA _dCaSfIA |
||
| 035 | _a(OCoLC)11370471 | ||
| 050 | 0 | 0 |
_aTT880 _b.G74 1983 |
| 082 | 0 | 0 |
_a745.5 _219 |
| 100 | 1 | _aGreen, George. | |
| 245 | 1 | 0 |
_aDough art : _h[electronic resource] _b"from our home to yours" / _cby George and Sherri Green. |
| 260 |
_aRogers, Ark. (1211 N. 2nd St., Rogers 72756) : _bAmerican Craft Publications, _cc1983. |
||
| 300 |
_a48 p. : _bill. ; _c28 cm. |
||
| 650 | 0 | _aBread dough craft. | |
| 700 | 1 | _aGreen, Sherri. | |
| 856 | 4 | 1 |
_uhttp://www.archive.org/details/doughartfromourh00gree _zFree eBook from the Internet Archive |
| 856 | 4 | 2 |
_uhttp://www.openlibrary.org/books/OL2960536M _zAdditional information and access via Open Library |
| 942 | _cEB | ||
| 506 | _fНеобхідна авторизація на https://archive.org/ (створення облікового запису безкоштовно) | ||
| 506 | _fНеобхідна авторизація на https://openlibrary.org/ (створення облікового запису безкоштовно) | ||
| 999 |
_c490099 _d490099 |
||